<?xml version="1.0" encoding="UTF-8"?><?xml-stylesheet type="text/xsl" href="static/style.xsl"?><OAI-PMH xmlns="http://www.openarchives.org/OAI/2.0/" xmlns:xsi="http://www.w3.org/2001/XMLSchema-instance" xsi:schemaLocation="http://www.openarchives.org/OAI/2.0/ http://www.openarchives.org/OAI/2.0/OAI-PMH.xsd"><responseDate>2026-06-01T16:24:28Z</responseDate><request verb="GetRecord" identifier="oai:riuma.uma.es:10630/27910" metadataPrefix="marc">https://riuma.uma.es/rest/oai/request</request><GetRecord><record><header><identifier>oai:riuma.uma.es:10630/27910</identifier><datestamp>2026-02-03T11:27:53Z</datestamp><setSpec>com_10630_2254</setSpec><setSpec>col_10630_37953</setSpec></header><metadata><record xmlns="http://www.loc.gov/MARC21/slim" xmlns:dcterms="http://purl.org/dc/terms/" xmlns:doc="http://www.lyncode.com/xoai" xmlns:xsi="http://www.w3.org/2001/XMLSchema-instance" xsi:schemaLocation="http://www.loc.gov/MARC21/slim http://www.loc.gov/standards/marcxml/schema/MARC21slim.xsd">
   <leader>00925njm 22002777a 4500</leader>
   <datafield ind2=" " ind1=" " tag="042">
      <subfield code="a">dc</subfield>
   </datafield>
   <datafield ind2=" " ind1=" " tag="720">
      <subfield code="a">Ruiz-Padrón, Luis</subfield>
      <subfield code="e">author</subfield>
   </datafield>
   <datafield ind2=" " ind1=" " tag="720">
      <subfield code="a">Gámiz-Gordo, Antonio</subfield>
      <subfield code="e">author</subfield>
   </datafield>
   <datafield ind2=" " ind1=" " tag="260">
      <subfield code="c">2018</subfield>
   </datafield>
   <datafield ind2=" " ind1=" " tag="520">
      <subfield code="a">Las tres vistas panorámicas de la ciudad de Málaga que Francis Carter dibujó en 1772-1773 y publicó en 1777 constituyen una valiosa fuente documental que permite conocer su entorno paisajístico, hoy transformado por crecimientos urbanos posteriores. Tras considerar su contexto general se aporta un análisis inédito, localizando sus puntos de vista y ángulos visuales comprendidos, para poner en valor la configuración de la ciudad representada, sus murallas, perfiles e hitos arquitectónicos en el paisaje malagueño de finales del XVIII. Aunque su valor artístico no es destacable, se corrobora su gran interés como testimonio de su época, considerando algunas vistas históricas de otros autores como referente comparativo, cotejando su fiabilidad y la precisión de los abundantes pormenores dibujados.</subfield>
   </datafield>
   <datafield ind1="8" ind2=" " tag="024">
      <subfield code="a">Ruiz Padrón, L., &amp; Gámiz Gordo, A. (2018). Las panorámicas de Málaga dibujadas por Francis Carter en 1772-1773. Boletín De Arte, (39), 205–216. https://doi.org/10.24310/BoLArte.2018.v0i39.4203</subfield>
   </datafield>
   <datafield ind1="8" ind2=" " tag="024">
      <subfield code="a">https://hdl.handle.net/10630/27910</subfield>
   </datafield>
   <datafield ind1="8" ind2=" " tag="024">
      <subfield code="a">10.24310/BoLArte.2018.v0i39.4203</subfield>
   </datafield>
   <datafield tag="653" ind2=" " ind1=" ">
      <subfield code="a">Arquitectura - Dibujos y planos</subfield>
   </datafield>
   <datafield tag="653" ind2=" " ind1=" ">
      <subfield code="a">Málaga - En el arte</subfield>
   </datafield>
   <datafield tag="653" ind2=" " ind1=" ">
      <subfield code="a">Málaga - Dibujos y planos</subfield>
   </datafield>
   <datafield ind2="0" ind1="0" tag="245">
      <subfield code="a">Las panorámicas de Málaga dibujadas por Francis Carter en 1772-1773.</subfield>
   </datafield>
</record>
</metadata></record></GetRecord></OAI-PMH>